| 000 | 00588nam a2200181 i 4500 | ||
|---|---|---|---|
| 001 | 186578 | ||
| 003 | ES-MaACL | ||
| 005 | 20230906222711.0 | ||
| 008 | 161201s1978 sp |||| | spa d | ||
| 080 | _a061.22(46.27 M.) | ||
| 110 | 2 |
_aAsociación Cultural de Amistad Hispano-Mexicana. _91529 |
|
| 245 | 1 | 0 | _aEstatutos de la Asociación Cultural de Amistad Hispano Mexicana. |
| 260 |
_a[Madrid : _bACAHM, _c1978] |
||
| 300 |
_a23 p. ; _c21 cm. |
||
| 594 | _aDatos tomados de cub. | ||
| 610 | 2 | 4 |
_aAsociación Cultural de Amistad Hispano-Mexicana. _91529 |
| 852 |
_aES-MaACL _j2333-F-18 |
||
| 999 |
_c186578 _d186578 |
||